| 000 | 00734nam a22001217a 4500 | ||
|---|---|---|---|
| 040 | _cRUA | ||
| 082 | _aLMA THA 2024 B1-398 Or.1 | ||
| 100 | _aTHA BUNTHAN ថា ប៊ុនថាន់ | ||
| 245 | _aSTUDY ON LAND USE PLANING FOCUSING ON ROAD INFRASTRUCTURE IN SVAY ANTOR COMMUNE, SVAY ANTOR DISTRICT, PREY VENG PROVINCE សិក្សាពីផែនការប្រើប្រាស់ដីធ្លីផ្តោតទៅលើហេដ្ឋារចនាសម្ព័ន្ធផ្លូវថ្នល់នៅ ឃុំស្វាយអន្ទរ ស្រុកស្វាយអន្ទរ ខេត្តព្រៃវែង | ||
| 260 |
_aRUA _bPHNOM PENH _c2024 |
||
| 300 |
_axi _bill _c29cm |
||
| 942 | _cLMA | ||
| 999 |
_c24925 _d24925 |
||